[Event "Apropos Adult Swiss #5"]
[Site "Chess.com"]
[Date "2021.01.17"]
[Round "5"]
[White "Cohen, Lawrence"]
[Black "Bell, H.."]
[Result "1-0"]
[WhiteElo "1957"]
[BlackElo "1880"]
[Annotator "Lawrence Cohen"]
[PlyCount "123"]
[EventDate "2021.01.16"]
[EventType "swiss"]
[EventRounds "5"]

{[%evp 0,123,19,-12,-27,-45,11,11,23,27,54,35,43,53,43,84,80,73,97,105,120,46,
77,13,26,7,2,-7,-3,-30,-39,-80,-53,-48,-38,-30,-12,-21,-33,-26,-26,-27,-36,-34,
-28,-61,-47,-58,-29,-36,-38,-36,-33,-92,-91,-77,-22,-25,-15,-19,-17,-56,-38,
-20,-17,-15,0,-40,-41,-86,-91,-80,-79,-103,-103,-102,-95,-109,-52,-81,2,-12,-9,
0,0,0,1,6,22,13,15,0,0,9,0,0,20,48,66,82,110,90,78,78,78,120,158,176,176,241,
151,124,151,124,121,122,267,319,352,391,490,650,982,1002,1012,1119]} 1. c4 e5
2. g3 c5 3. Bg2 Nc6 4. Nc3 f5 5. e3 d6 6. Nge2 Be6 7. b3 {I generally do not
like playing b3, as my past results have not been good. It is the
recommendation in the Soltis book I learned the opening from, although Fritz
prefers Nd5} Nf6 8. d4 exd4 9. exd4 d5 10. cxd5 Nxd5 11. dxc5 Nxc3 12. Qxd8+
Rxd8 13. Nxc3 Bxc5 14. Bxc6+ bxc6 15. Bb2 Kf7 {Apparently both me and my
opponent missed 15...Bxf2ch, 16 Kxf2 Rd2ch followed by Rxb2 winning a pawn.}
16. O-O Rd2 17. Na4 Be7 {Fritz assessment is that Black stands slightly better.
} 18. Bc3 Rc2 19. Rfc1 Rxc1+ 20. Rxc1 Rd8 21. Kf1 Bd5 22. f4 g5 23. Be5 gxf4
24. Bxf4 Ba3 25. Re1 Be4 26. h4 Bb4 27. Rc1 Bd2 {It looks like Black was
looking for a simple trade of material over looking my responsse. If 28 Bxd2
Rxd2, 29 Nc3 should be able to hold for White.} 28. Rd1 Ba5 29. Rxd8 Bxd8 30.
a3 Be7 31. b4 Ke6 32. Be3 {Here I offered a draw. I figured that after 32...
a6, 33 Nc5ch Bxc5, 34 Bxc5 we would have a Bishops of opposite color endgame.}
a6 33. Bc5 {Changing my mind about the trade. Friitz prefers Ke2. You can
later in the game why.} Bf6 34. Bf8 Kd5 35. Nc5 Bb2 36. Ke2 {[%emt 0:00:33] If
36 Nxa6 Bd3ch wins the Knight. That is why I played it & why Fritz suggests it
for move} Bxa3 37. Nxa6 Kc4 38. Kd2 Kb5 39. Nc7+ Kb6 40. Ne6 Kb5 41. Kc3 Bc1
42. Nd4+ Kb6 43. Nb3 {I initially looked at playing the immediate Bc5ch. After
looking closer I saw that this move left the dark squared Bishop with only 2
moves.} Be3 44. Bc5+ Bxc5 45. bxc5+ Kb5 46. Kd4 Bf3 47. Nd2 {The ideal
position for me is to get my Knight to the e6 square. It will protect the c
pawn allowing the King to become active.} Bg4 48. Nc4 Bh3 49. Nd6+ Kb4 50. Nf7
h5 51. Ng5 Bg4 52. Ne6 {My Knight has now reached the ideal square. It
protects the pawn on c5 and covers the f4 square} Kb5 53. Ke5 Kc4 54. Kd6 Bf3
55. Ng7 {winning a pawn. I make no progress after 55 Nd8 Kb5, 56 Nf7 Be4, 57
Ne5 Bd5} Kd3 {Black had to lose a pawn, and allowing me to have the clear
passer looks to be the worst choice.} 56. Nxf5 Ke4 57. Ne7 Ke3 58. Nxc6 {
Now I have won 2 pawns. With that advantage the rest is just technique.} Kf2
59. Nd4 Be4 60. Ke5 Bb7 61. Kf4 {Black's King is so horrible placed that this
is an easy win from here.} Bc8 62. c6 {It will only take a few more moves for
White to force Black to surrender the Bishop for the c pawn. After that the
game is easily won.} 1-0

[Event "Apropos Adult Swiss #5"]
[Site "Chess.com"]
[Date "2021.01.17"]
[Round "5"]
[White "Martin, Andrew"]
[Black "Teuffer, Andreas"]
[Result "1-0"]
[WhiteElo "1642"]
[BlackElo "1989"]
[PlyCount "63"]
[EventDate "2021.01.16"]
[EventType "swiss"]
[EventRounds "5"]

1. e4 e5 2. Nf3 Nf6 3. d3 d5 4. exd5 Nxd5 5. Be2 Nc6 6. O-O Bc5 7. Bg5 f6 8.
Bh4 Be6 9. Nbd2 Qd7 10. a3 O-O-O 11. Bg3 a6 12. c4 Nde7 13. b4 Bd4 14. Rb1 Nf5
15. Nb3 h5 16. Nfxd4 Ncxd4 17. Nc5 Qf7 18. h3 Nxg3 19. fxg3 c6 20. Bf3 Qe7 21.
Qa4 Bf7 22. Rfc1 Bg6 23. Rc3 Qd6 24. Kh1 Nf5 25. Ne4 Qd4 26. Rcb3 Nd6 27. Nc5
Bf7 28. Bxc6 Be8 29. Bxb7+ Nxb7 30. Qxa6 Rd6 31. Qxb7+ Kd8 32. Qxg7 1-0

[Event "Apropos Adult Swiss #5"]
[Site "Chess.com"]
[Date "2021.01.16"]
[Round "1"]
[White "Ruff, Lois"]
[Black "Lopez, Francisco"]
[Result "1-0"]
[WhiteElo "801"]
[BlackElo "1732"]
[PlyCount "81"]
[EventDate "2021.01.16"]
[EventType "swiss"]
[EventRounds "5"]

1. e4 d5 2. exd5 Qxd5 3. Nc3 Qa5 4. d4 Nf6 5. Bd2 Qb6 6. Nf3 c6 7. Bd3 Bg4 8.
Rb1 Bxf3 9. Qxf3 Qxd4 10. O-O e6 11. Be3 Qh4 12. Bf4 Be7 13. Bg3 Qh5 14. Qf4
Nbd7 15. Be2 Qa5 16. Rfd1 O-O 17. b4 Qd8 18. b5 Nd5 19. Nxd5 cxd5 20. c4 Nf6
21. cxd5 Nxd5 22. Qf3 Qa5 23. Be5 Rfc8 24. Qg3 Bf6 25. Rxd5 Qxa2 26. Rdd1 Bxe5
27. Qxe5 Rc2 28. Re1 Rac8 29. Qe3 R8c3 30. Bd3 g6 31. Qd4 Rxd3 32. Qxd3 h5 33.
Qb3 Rxf2 34. Qxa2 Rxa2 35. Rf1 Rd2 36. Rbd1 Rb2 37. Rd8+ Kg7 38. Rd7 Rxb5 39.
Rfxf7+ Kh6 40. h4 g5 41. Rf6# 1-0

[Event "Apropos Adult Swiss #5"]
[Site "Chess.com"]
[Date "2021.01.17"]
[Round "5"]
[White "Witt, Steven"]
[Black "Porter, Ryan"]
[Result "0-1"]
[WhiteElo "1951"]
[BlackElo "2308"]
[PlyCount "110"]
[EventDate "2021.01.16"]
[EventType "swiss"]
[EventRounds "5"]

1. e4 d6 2. d4 Nf6 3. Nc3 c6 4. f4 Qa5 5. Bd3 e5 6. Nf3 exd4 7. Nxd4 g6 8. Nb3
Qc7 9. Be3 Bg7 10. h3 Nbd7 11. Qd2 b5 12. a3 a6 13. Rd1 O-O 14. Be2 Ne8 15. O-O
Nb6 16. Bd4 Bb7 17. Bxg7 Kxg7 18. Na5 Rd8 19. f5 Nd7 20. Nxb7 Qxb7 21. Qf4 f6
22. fxg6 hxg6 23. Rd3 Ne5 24. Rg3 Nc7 25. Qe3 Rf7 26. Bd3 Ne6 27. Rf2 Qa7 28.
Qd2 Rh8 29. Nd1 Kf8 30. Ne3 Rh4 31. Ng4 Nxg4 32. Rxg4 Rxg4 33. hxg4 Kg7 34. Kf1
Qd4 35. c3 Qe5 36. Qe3 d5 37. Bc2 d4 38. cxd4 Nxd4 39. Rd2 c5 40. b4 Nxc2 41.
Rxc2 c4 42. Rd2 Rc7 43. Rd5 Qe6 44. g5 fxg5 45. Rxg5 Qf6+ 46. Ke2 Rf7 47. Kd2
Qf1 48. Kc3 Rf2 49. Kd4 Re2 50. Qc3 Qf6+ 51. Re5 Rxg2 52. Kc5 Rg5 53. Rxg5 Qxc3
54. Rd5 Qe3+ 55. Rd4 c3 0-1

[Event "Pan-Am Intercollegiate Championship"]
[Site "Chess.com"]
[Date "2021.01.04"]
[Round "1.1"]
[White "Swiercz, Dariusz"]
[Black "Sprumont, Oscar"]
[Result "1-0"]
[WhiteElo "2733"]
[BlackElo "2100"]
[PlyCount "71"]
[EventDate "2021.01.04"]
[EventRounds "9"]

{[%evp 0,71,29,20,39,24,15,16,56,57,36,42,49,59,54,47,31,31,19,24,34,35,53,11,
35,12,32,36,38,31,30,24,37,16,8,33,49,39,52,52,41,73,70,63,53,23,30,40,77,43,
242,255,257,213,207,206,212,172,198,200,1174,1219,1224,1234,1281,1315,1339,
1394,1403,1530,1530,2165,2600,29982]} 1. e4 e5 2. Nf3 Nc6 3. Bb5 f5 4. d3 fxe4
5. dxe4 Nf6 6. O-O Bc5 7. Bxc6 bxc6 8. Nxe5 O-O 9. Nc3 d6 10. Nd3 Bd4 11. Ne2
Bb6 12. Bg5 Qe8 13. Bxf6 Rxf6 14. Ng3 Ba6 15. Kh1 Bxd3 16. cxd3 Rxf2 17. Rxf2
Bxf2 18. Nf5 g6 19. Qb3+ Kh8 20. Rf1 gxf5 21. Rxf2 fxe4 22. Rf5 Qg6 23. dxe4 d5
24. Qc3+ Kg8 25. h4 h6 26. Rf3 Kh7 27. Rg3 Qf7 28. Qxc6 Rd8 29. e5 d4 30. Qe4+
Kh8 31. e6 Qf1+ 32. Kh2 Rg8 33. Qxd4+ Kh7 34. Qe4+ Kh8 35. Rxg8+ Kxg8 36. e7
1-0

[Event "Pan-Am Intercollegiate Championship"]
[Site "Chess.com"]
[Date "2021.01.04"]
[Round "1.2"]
[White "Whale, Nicholas"]
[Black "Ipatov, Alexander"]
[Result "0-1"]
[WhiteElo "2065"]
[BlackElo "2714"]
[Annotator "Nicholas Whale"]
[PlyCount "70"]
[EventDate "2021.01.04"]
[EventRounds "9"]

{[%evp 0,70,18,-3,61,61,71,50,54,58,115,94,79,59,44,43,57,58,61,64,65,62,55,16,
24,-11,10,7,4,-29,-6,-28,-33,-33,-50,-55,-55,-43,-48,-46,-46,-40,-29,-38,-36,
-29,-31,-38,-47,-56,-62,-76,-52,-141,-126,-212,-225,-212,-245,-237,-223,-232,
-249,-413,-436,-714,-761,-761,-1429,-1489,-1596,-1639,-1704] Well, not exactly
an ideal first round pairing for easing into things...} 1. e4 b6 2. d4 Bb7 3.
Nc3 e6 4. Bd3 g6 5. Nf3 Bg7 6. Be3 {There's plenty of other moves here, but I
was just trying to play super solidly and avoid getting blown away. This works
for a little while...} Ne7 7. Qd2 h6 8. O-O-O d6 9. Kb1 Nd7 {I got caught
between wanting to attack because I thought (correctly) that I had a fairly
good position, and knowing that the GM would surely out-tactic me. The result
is an uneasy mixture of aggression and caution for the following few moves.}
10. h4 $5 a6 {Ipatov had only used 21 seconds at this point, while I'm already
five minutes in the hole.} 11. Ne1 $6 {Very optimistically trying for a pawn
storm.} (11. d5 $1 {is much more sensible, to try and go after his king, but I
wasn't convinced it wouldn't backfire.}) 11... c5 12. Ne2 b5 {Stockfish claims
this very natural move is Black's only inaccuracy of the game.} ({It likes} 
12... d5 $1 {immediately opening up the position to try and exploit my weird
knights.}) 13. c3 Qc7 14. f4 $6 (14. f3 {is more sensible. I'm pawn storming
the wrong flank and actually just creating weaknesses.}) 14... O-O-O 15. Nf3 f5
$1 {Putting an end to any attacking ideas I might be dreaming of, and now I'm
simply overextended and worse.} 16. Ng3 c4 17. Bc2 Nf6 18. e5 Ng4 {This is why
I should've played f3 before...} 19. Qe2 Nxe3 {On the bright side, I had
managed to get him down to less than three minutes for the rest of the game,
so I was actually up on time by about six minutes here. Unfortunately the GM
was spending that time working out exactly how to dismantle my position, and
plays the rest very quickly and ruthlessly.} 20. Qxe3 Nd5 21. Qd2 dxe5 22. Nxe5
Bxe5 23. fxe5 Qe7 24. Rdf1 g5 25. hxg5 hxg5 {This was probably the closest
thing to a critical position. Black has the nasty threat of ...Nf4, which I
chose to passively defend, and walked into something even worse in the process.
} 26. Ne2 $2 ({Especially given the clock situation,} 26. Bxf5 $5 {was
definitely the move to try. I couldn't get past being down a piece vs. a GM,
but this at least changes the nature of the position.} exf5 27. Nxf5 Qe6 28.
Nd6+ Kb8 29. Qxg5 {and I have a very good knight and three pawns to work with.
I'm honestly probably still going to lose somehow, but it would be more fun.})
26... f4 $1 {I didn't see this coming at all. e3 is obviously an even better
square for the knight, and there's nothing at all I can do about it. The rest
is no trouble at all for someone of Ipatov's caliber.} 27. Qc1 Ne3 28. Rxh8
Rxh8 29. Rh1 Qg7 $1 30. Rxh8+ Qxh8 31. g3 Nxc2 32. Qxc2 Qh1+ 33. Qc1 (33. Nc1
Be4) 33... Be4+ $1 34. Ka1 Qxc1+ 35. Nxc1 f3 $1 {Ouch.} (35... fxg3 $6 {
allows me to survive a few more painful moves after} 36. Ne2 {but I was not
afforded such a pleasure.}) 0-1

[Event "Pan-Am Intercollegiate Championship"]
[Site "Chess.com"]
[Date "2021.01.04"]
[Round "1.3"]
[White "Godin, Dennis"]
[Black "Utiatskaja, Irina"]
[Result "1/2-1/2"]
[WhiteElo "1689"]
[BlackElo "2183"]
[PlyCount "95"]
[EventDate "2021.01.04"]
[EventRounds "9"]

{[%evp 0,95,29,28,20,-8,6,3,6,-17,-17,-9,-19,-13,-8,-14,-5,-32,50,20,25,7,11,
29,34,35,24,39,128,43,45,36,48,35,38,22,31,28,46,42,54,49,60,31,42,10,21,21,19,
10,64,74,135,89,116,102,94,100,338,358,367,240,217,241,920,795,998,259,636,399,
359,224,224,118,119,145,150,146,156,99,212,248,255,152,313,156,156,161,296,312,
300,277,361,270,292,301,366,295]} 1. Nf3 Nf6 2. b3 g6 3. Bb2 d5 4. g3 Bg7 5.
Bg2 O-O 6. O-O c5 7. d4 cxd4 8. Nxd4 Ne8 9. Nc3 Nc6 10. Nxc6 bxc6 11. e4 Ba6
12. Re1 d4 13. Na4 e5 14. Ba3 Nd6 15. Qd2 Re8 16. Nc5 Bc8 17. Rad1 Nb5 18. Bb2
Qe7 19. Nd3 a5 20. a4 Nc7 21. c3 Be6 22. cxd4 Bxb3 23. Ra1 exd4 24. Rec1 Red8
25. Rxc6 Be6 26. Ba3 Qd7 27. Rac1 Ne8 28. e5 Rab8 29. Nc5 Qa7 30. Nxe6 fxe6 31.
Rxe6 Rb3 32. Re7 Qb8 33. Bc5 Bxe5 34. Qxa5 Bf6 35. Re6 d3 36. Rxe8+ Rxe8 37.
Bd5+ Kh8 38. Bxb3 Qxb3 39. Qd2 Re2 40. Qf4 Qe6 41. Be3 Be7 42. Qb8+ Kg7 43. Qf4
h6 44. Qxh6+ Kf7 45. Qf4+ Kg7 46. Qh6+ Kf7 47. Qf4+ Kg7 48. Qh6+ 1/2-1/2

[Event "Pan-Am Intercollegiate Championship"]
[Site "Chess.com"]
[Date "2021.01.04"]
[Round "2.2"]
[White "Zech, Joseph"]
[Black "Whale, Nicholas"]
[Result "0-1"]
[WhiteElo "1422"]
[BlackElo "2065"]
[Annotator "Nicholas Whale"]
[PlyCount "96"]
[EventDate "2021.01.04"]
[EventRounds "9"]

{[%evp 0,96,26,11,46,46,49,0,13,2,-2,12,21,13,23,37,26,24,48,26,32,33,33,10,10,
10,16,-17,-22,-78,-99,-85,-44,-40,-27,-36,-27,-78,-67,-79,-58,-76,-78,-78,-75,
-75,-58,-86,-87,-114,-89,-65,-74,-112,-116,-143,-127,-144,-103,-104,-102,-93,
-106,-122,-119,-169,-174,-175,-175,-174,-160,-168,-176,-193,-182,-207,-203,
-209,-214,-206,-216,-294,-316,-327,-163,-158,-158,-158,-158,-442,-531,-982,
-1012,-1960,-2218,-2651,-28463,-29967,-29968]} 1. e4 c5 2. Nf3 Nc6 3. c3 Nf6 4.
e5 Nd5 5. d4 cxd4 6. cxd4 d6 7. Bc4 e6 8. O-O Be7 9. Nc3 {A natural looking
move, but I think it just gives me easy equality.} Nxc3 10. bxc3 dxe5 11. Nxe5
Nxe5 12. dxe5 O-O $1 {There's no need to cede the d-file by trading queens.}
13. Qg4 {Trying to create some kind of attack, but the queen by herself can't
do much damage.} ({If} 13. Qxd8 $6 Rxd8 {I have better development, control
the open file, and have a weak pawn at c3 to attack.}) 13... Qc7 {Tactically
defending against White's next move.} 14. Bh6 $2 ({I had expected} 14. Re1 Rd8
(14... h5 $1 {is the computer move, which I didn't consider.} 15. Qxh5 $4 Qxc4)
15. Bh6 Bf8 {but here} 16. Bg5 $1 {is pretty annoying.}) 14... Qxe5 15. Be3 Qf6
{Pragmatism.} ({I spent three minutes on} 15... Qxc3 $6 16. Bd4 e5 {which
works materially, but after the in-between move} 17. Qxg7+ $1 {I didn't like
it so much.} ({The idea is} 17. Bxc3 Bxg4 18. Bxe5 Rad8 {and although White's
bishop are nice and active, I have an extra pawn.})) 16. Rfd1 {I'm still up a
pawn, but White has nice activity and it's a little hard to find moves.} e5 {
I didn't really want to do this, but it seemed necessary.} 17. Qe4 $1 {A nice
centralization.} Qf5 {Again, not really what I wanted to do, but I couldn't
see anything better.} (17... a6 18. a4 {didn't seem to help.}) 18. Qxf5 (18.
Bd5 $1 {first gains a key tempo, so White can regain his pawn.}) 18... Bxf5 19.
Bd5 Rac8 $1 {With the bishop developed, now I can play this move.} 20. Bxb7 {
My opponent was down to 4 and a half minutes for the rest of the game here,
while I still had ten.} Rxc3 21. Rac1 (21. Bxa7 $4 Rc7 {skewering is the point.
}) 21... Rxc1 22. Rxc1 Rb8 23. Ba6 Rb2 24. Bc8 $5 {With 50 seconds left to my
five minutes, White reasonably starts playing for tricks.} ({The other option
was passive defense by} 24. Ra1 Rb1+ 25. Rxb1 Bxb1 26. a4 Bc2 27. a5 Bb4 28.
Bxa7 Bxa5 {, which I think was better since I don't really see how to win this
position.}) 24... g6 (24... Bc2 $1 {is Stockfish's move, which it gives about
-1.3.}) (24... Bxc8 $4 25. Rxc8+ Bf8 26. f4 {is obviously not good, I'm stuck
in a bad pin.}) 25. Bxf5 gxf5 26. Bh6 $2 (26. g3 {is a better chance:} Rxa2 27.
Rc7) 26... f6 $1 {Stopping the back rank tricks.} 27. a4 Ra2 28. g3 Rxa4 $2 ({
Better is} 28... Kf7 $1 {, which gains a tempo over the game continuation, i.e.
} 29. Rc7 a5 30. Be3 Ke6) 29. Rc7 Kf7 30. Be3 {Now I lose the a-pawn due to
the threat of Bc5, and things are much tougher.} Ke6 31. Bxa7 h5 32. h4 $2 {
Stockfish considers this the losing move, and recommends sitting tight with} (
32. Kg2 {instead. Still, it's hard to defend accurately with only 15-20
seconds left}) 32... f4 33. Kg2 fxg3 34. fxg3 {This should be winning for me
now, with the strong passed e-pawn.} Ra2+ 35. Bf2 Bd6 36. Rc6 Kd5 37. Rc1 e4
38. Kf1 Ra3 39. Rd1+ Rd3 40. Ke2 $2 {Trading makes my life easier.} Rxd1 41.
Kxd1 f5 $2 {Down to about a minute myself, I make the win more difficult.} (
41... Ke6 $1 {is kind of weird looking but much more straightforward, for
example} 42. Ke2 Kf5 43. Ke3 Bc5+ 44. Ke2 Bxf2 45. Kxf2 Kg4 {winning.}) 42. Ke2
Bb4 43. Be3 Bc3 44. Bf4 $4 {Unfortunately this is the worst square to move the
bishop to, allowing me to force an easy king and pawn endgame.} Be5 45. Ke3
Bxf4+ 46. gxf4 Kc4 47. Ke2 Kd4 48. Kd2 e3+ 0-1

[Event "Pan-Am Intercollegiate Championship"]
[Site "Chess.com"]
[Date "2021.01.04"]
[Round "2.3"]
[White "Keltner, John"]
[Black "Godin, Dennis"]
[Result "0-1"]
[WhiteElo "2012"]
[BlackElo "1689"]
[PlyCount "106"]
[EventDate "2021.01.04"]
[EventRounds "9"]

{[%evp 0,106,23,19,61,61,50,20,47,10,-4,-21,10,13,33,4,32,27,29,17,15,20,26,27,
42,32,40,54,54,-3,64,56,58,40,80,86,68,58,55,25,53,48,54,69,167,156,220,148,
130,25,50,140,119,139,133,133,156,140,140,132,138,144,145,133,180,0,0,0,19,-50,
-61,-147,-147,-139,-88,-94,-113,-125,-123,-122,-71,-135,-98,-149,-147,-147,
-154,-154,-156,-155,-142,-130,-145,-146,-131,-159,-156,-147,-144,-153,-135,
-182,-170,-191,-202,-381,-377,-29999,-30000]} 1. e4 Nf6 2. e5 Nd5 3. d4 d6 4.
Bc4 Nb6 5. Bb3 Nc6 6. exd6 cxd6 7. Nf3 g6 8. O-O Bg7 9. c3 O-O 10. Re1 Bg4 11.
h3 Bxf3 12. Qxf3 e5 13. dxe5 dxe5 14. Nd2 Qc7 15. Ne4 Na5 16. Nf6+ Kh8 17. Bc2
Nd7 18. Nxd7 Qxd7 19. b3 Rac8 20. Ba3 Rfe8 21. Rad1 Qe6 22. Bb4 Qb6 23. Rd7 f5
24. Bxa5 Qxa5 25. Qxb7 Rb8 26. Qxa7 Qxa7 27. Rxa7 Ra8 28. Rxa8 Rxa8 29. a4 e4
30. Rc1 Rd8 31. c4 Rd2 32. Bd1 Bd4 33. c5 Bxf2+ 34. Kh1 Bxc5 35. Kh2 Bd6+ 36.
Kg1 e3 37. Kf1 Rf2+ 38. Kg1 Bg3 39. Bf3 Rb2 40. a5 Rxb3 41. Ra1 Be5 42. Re1 Ra3
43. Kf1 f4 44. g3 Rxa5 45. gxf4 Bxf4 46. Kg2 Rg5+ 47. Kf1 Rg3 48. Bg4 h5 49.
Be6 Kg7 50. Ke2 Kf6 51. Bd7 Ke5 52. Ra1 Rg2+ 53. Kf3 Rf2# 0-1

[Event "Pan-Am Intercollegiate Championship"]
[Site "Chess.com"]
[Date "2021.01.04"]
[Round "3.1"]
[White "Soetedjo, James"]
[Black "Danie Samani, Amin"]
[Result "1-0"]
[WhiteElo "1971"]
[BlackElo "1786"]
[PlyCount "207"]
[EventDate "2021.01.04"]
[EventRounds "9"]

{[%evp 0,207,26,23,18,18,16,1,31,33,36,36,33,21,26,16,22,8,14,3,5,4,4,-47,-16,
-54,-41,-50,-40,-51,-59,-97,-21,-22,-22,-35,-23,-16,-18,-22,-21,-23,-4,-1,-5,
-5,0,-6,0,0,8,4,10,0,0,0,0,13,12,0,0,0,0,0,0,0,0,0,0,0,74,56,38,23,48,43,57,45,
57,101,100,98,126,0,0,0,0,-16,0,0,0,0,0,-14,-20,-6,-12,-23,-15,-23,0,-111,-109,
-110,-127,-180,-168,-203,6,0,87,82,76,73,127,145,165,163,176,186,180,187,198,
198,204,157,198,218,235,263,274,229,266,261,261,169,274,274,274,285,301,341,
341,343,507,527,527,527,527,527,527,537,537,537,537,537,577,537,537,537,547,
547,547,547,547,547,547,557,557,567,567,577,29973,29970,29967,29968,29969,
29970,29975,567,29973,29974,29975,29976,29979,29980,29987,29984,29985,29986,
29987,29988,29989,29990,29991,29986,29987,29988,29989,29990,29991,29992,29995,
29994,29995,29996,29997,29998,29999,-30000]} 1. d4 Nf6 2. Nf3 e6 3. c4 Bb4+ 4.
Bd2 Bxd2+ 5. Nbxd2 O-O 6. e3 b6 7. Be2 Bb7 8. O-O d6 9. Qc2 Nbd7 10. Rab1 a5
11. a4 Re8 12. Rfc1 h6 13. b3 Qe7 14. Ra1 e5 15. dxe5 Nxe5 16. Nxe5 Qxe5 17.
Bf3 Bxf3 18. Nxf3 Qe4 19. Qxe4 Nxe4 20. Nd4 g6 21. f3 Nc5 22. e4 Kg7 23. Rab1
Nd3 24. Rd1 Nf4 25. Nb5 Re7 26. Kf2 Ne6 27. Nc3 Rc8 28. Nd5 Ree8 29. h4 h5 30.
g3 Nc5 31. Nc3 Nd7 32. Nb5 Nf6 33. Na7 Rcd8 34. Nc6 Rd7 35. Rd3 Ng8 36. Rbd1
Ne7 37. Nd4 Kf8 38. e5 Nc8 39. exd6 Nxd6 40. Nb5 Rde7 41. Nxd6 Re2+ 42. Kg1
cxd6 43. Rxd6 Rb2 44. Rxb6 Ree2 45. Rb8+ Kg7 46. Rc1 Rg2+ 47. Kh1 Rh2+ 48. Kg1
Rbg2+ 49. Kf1 Rxg3 50. Rb5 Rxf3+ 51. Kg1 Rxh4 52. Rg5 Rxb3 53. c5 Rxa4 54. c6
Rb8 55. c7 Rc8 56. Rd5 Re4 57. Rd8 Re8 58. Rxe8 Rxe8 59. c8=Q Rxc8 60. Rxc8 f5
61. Ra8 Kf6 62. Rxa5 Kg5 63. Kg2 Kg4 64. Ra4+ f4 65. Ra3 g5 66. Rb3 Kf5 67. Rb4
Kg4 68. Rb5 h4 69. Rd5 h3+ 70. Kh2 Kh4 71. Rd4 Kg4 72. Rd3 Kf5 73. Kxh3 g4+ 74.
Kg2 Ke4 75. Rd7 Ke5 76. Rg7 Kf5 77. Rf7+ Kg5 78. Rd7 Kf5 79. Rd5+ Kg6 80. Kf2
Kf6 81. Ke2 Kg6 82. Kd3 g3 83. Ke4 g2 84. Rd1 Kg5 85. Kf3 Kh4 86. Kxg2 Kg4 87.
Rd4 Kf5 88. Kf3 Ke5 89. Rxf4 Ke6 90. Ke4 Kd6 91. Rf5 Ke6 92. Rd5 Ke7 93. Ke5
Kf7 94. Kf5 Ke7 95. Rd4 Kf7 96. Rd7+ Ke8 97. Rb7 Kd8 98. Ke6 Kc8 99. Rh7 Kb8
100. Kd6 Ka8 101. Kc6 Kb8 102. Rg7 Ka8 103. Kb6 Kb8 104. Rg8# 1-0